000 01030cam a22002897a 4500
001 17541289
005 20141210154603.0
008 121127s2012 xxkadk frbf 001 0 eng d
010 _a2012472495
020 _a9780123877857 (pbk.)
020 _a0123877857 (pbk.)
040 _aUKMGB
_cUKMGB
_dBTCTA
_dYDXCP
_dOCLCO
_dBWX
_dYNK
_dCUS
_dDLC
_dEG-ScBUE
082 0 0 _a660
_222
_bHAL
100 1 _aHall, Stephen
_936861
245 1 0 _aRules of thumb for chemical engineers /
_cStephen Hall.
250 _a5th ed.
260 _aOxford, United Kingdom ;
_aWaltham, United States :
_bButterworth-Heinemann,
_bElsevier,
_c2012.
300 _ax, 441 p. :
_bcharts, forms, tables ;
_c28 cm.
490 0 _aIChemE advancing chemical engineering worldwide
500 _aIncludes appendixes.
500 _aIndex : p. 433-441.
504 _aIncludes bibliographical references.
650 0 _aChemical engineering
_vHandbooks, manuals, etc.
_927698
653 _bEEENG
_cDecember2014
655 _vreading book
_934232
942 _2ddc
_k660 HAL
999 _c18749
_d18721